00906nam a2200229 a 450000100100000000500170001000800410002702000150006804000250008308200120010810000380012024500820015824600770024026000340031730000310035149000280038250000340041050000700044483000350051495201100054999900170065900004227020201002040037.0131121s1993 sp c 001 0 spa d a8408010352 aDO-SdBNPbspacBNPHU axxbxxx1 aVizcaíno Casas, Fernando91784610a1973, El año en que volaron a Carrero Blanco. /cFernando Vizcaíno Casas.1 aMil novecientos setenta y tres, el año en que volaron a Carrero Blanco aBarcelona, :bPlaneta,c1993. a313 p. :bretrs. ;c23 cm.1 aEspejo de Españav164 aIncluye índice onomástico aIncluye datos biografícos del autor en la solapa de la portada. 0aEspejo de Españav164964193 001050718MOaGRbGRcCTd2013-11-21iLF1l0oxx xxxp42270-10r2020-06-25w2020-06-25y1ZNo se presta c41759d41759